书目信息 |
| 题名: |
科技英语论文实用写作指南
|
|
| 作者: | 俞炳丰 编著 | |
| 分册: | ||
| 出版信息: | 西安 西安交通大学出版社 2003.04 |
|
| 页数: | 365页 | |
| 开本: | 20cm | |
| 丛书名: | ||
| 单 册: | ||
| 中图分类: | H315 | |
| 科图分类: | ||
| 主题词: | 英语 | |
| 电子资源: | ||
| ISBN: | 7-5605-1678-5 | |
| 000 | 00570nam0 2200193 45 | |
| 001 | 0434379467 | |
| 005 | 2004042809325869 | |
| 010 | @a7-5605-1678-5@dCNY 24.00 | |
| 100 | @a20040428d2003 km y0chiy0120 ea | |
| 101 | 0 | @achi |
| 102 | @aCN@b610000 | |
| 200 | 1 | @a科技英语论文实用写作指南@AKe Ji Ying Yu Lun Wen Shi Yong Xie Zuo Zhi Nan@f俞炳丰编著@Fyu bing feng bian zhu |
| 210 | @a西安@c西安交通大学出版社@d2003.04 | |
| 215 | @a365页@d20cm | |
| 606 | 0 | @a英语 |
| 690 | 1 | @aH315@v4 |
| 701 | 0 | @a俞炳丰@Ayu bing feng@4编著 |
| 801 | 0 | @aCN@bPFT@c20040428 |
| 905 | @dH315@eY785 | |
| 科技英语论文实用写作指南/俞炳丰编著.-西安:西安交通大学出版社,2003.04 |
| 365页;20cm |
| ISBN 7-5605-1678-5:CNY 24.00 |
| ● |
| 相关链接 |
|
|
|
正题名:科技英语论文实用写作指南
索取号:H315/Y785
 
预约/预借
| 序号 | 登录号 | 条形码 | 馆藏地/架位号 | 状态 | 备注 |
| 1 | 382850 | 203828509 | 语言库209/209语言库 38排5列4层/ [索取号:H315/Y785] | 在馆 | |
| 2 | 382851 | 203828518 | 语言库209/209语言库 38排5列4层/ [索取号:H315/Y785] | 在馆 | |
| 3 | 382852 | 203828527 | 语言库209/209语言库 38排5列4层/ [索取号:H315/Y785] | 在馆 |